[Event "Liberec op 11th"]
[Site "Liberec"]
[Date "2010.10.26"]
[Round "4"]
[White "Hollmann, Zdenek"]
[Black "Bulano, Alexander"]
[Result "1/2-1/2"]
[WhiteElo "1981"]
[BlackElo "1788"]
[PlyCount "78"]
[EventDate "2010.10.23"]
[EventType "swiss"]
[EventRounds "9"]
[EventCountry "CZE"]
[SourceTitle "EXT 2011"]
[Source "ChessBase"]
[SourceDate "2010.11.26"]
[SourceVersion "1"]
[SourceVersionDate "2010.11.26"]
[SourceQuality "1"]

1. e4 d6 2. d4 g6 3. Nc3 Bg7 4. Nf3 Nc6 5. h3 Nf6 6. Bc4 Na5 7. Bd3 0-0 8. 0-0 Nc6 9. Qe2 e5 10. dxe5 Nxe5 11. Nxe5 dxe5 12. Bg5 c6 13. Rad1 h6 14. Be3 Qa5 15. a3 Be6 16. Qd2 Kh7 17. Kh2 Nh5 18. Ne2 Qc7 19. g4 Nf4 20. Nxf4 exf4 21. Bxf4 Be5 22. Bxe5 Qxe5+ 23. f4 Qxb2 24. f5 Ba2 25. c3 Qxa3 26. Ra1 Qd6+ 27. Kg2 Rfd8 28. fxg6+ fxg6 29. Qxa2 Qxd3 30. Qf7+ Kh8 31. Qf6+ Kh7 32. Qe7+ Kh8 33. Rf7 Qe2+ 34. Kh1 Rd1+ 35. Rxd1 Qxd1+ 36. Kg2 Qd2+ 37. Kf1 Qd1+ 38. Kg2 Qd2+ 39. Kf1 Qd1+ 1/2-1/2

[Event "Liberec op 11th"]
[Site "Liberec"]
[Date "2010.10.24"]
[Round "2"]
[White "Krivanek, Vladimir"]
[Black "Bulano, Alexander"]
[Result "1-0"]
[WhiteElo "2131"]
[BlackElo "1788"]
[PlyCount "37"]
[EventDate "2010.10.23"]
[EventType "swiss"]
[EventRounds "9"]
[EventCountry "CZE"]
[SourceTitle "EXT 2011"]
[Source "ChessBase"]
[SourceDate "2010.11.26"]
[SourceVersion "1"]
[SourceVersionDate "2010.11.26"]
[SourceQuality "1"]

1. e4 g6 2. d4 Bg7 3. f4 d6 4. Bc4 Nc6 5. Nf3 Nf6 6. d5 Na5 7. Bd3 0-0 8. b4 Nxd5 9. exd5 Bxa1 10. c3 c5 11. bxa5 Qxa5 12. Qe2 Bd7 13. 0-0 Ba4 14. Qd2 Rac8 15. f5 c4 16. Be4 Qb6+ 17. Kh1 Bd7 18. Qh6 f6 19. fxg6 1-0

[Event "Niedersachsen-ch Seniors op 13th"]
[Site "Bad Bevensen"]
[Date "2010.07.13"]
[Round "8"]
[White "Bulano, Alexander"]
[Black "Vladov, Mark"]
[Result "1-0"]
[WhiteElo "1595"]
[BlackElo "1700"]
[PlyCount "97"]
[EventDate "2010.07.06"]
[EventType "swiss"]
[EventRounds "9"]
[EventCountry "GER"]
[SourceTitle "EXT 2012"]
[Source "ChessBase"]
[SourceDate "2011.11.24"]
[SourceVersion "1"]
[SourceVersionDate "2011.11.24"]
[SourceQuality "1"]

1. d4 Nf6 2. Nf3 g6 3. c4 Bg7 4. Nc3 0-0 5. e4 d6 6. Be2 e5 7. 0-0 Nc6 8. d5 Ne7 9. Ne1 Ne8 10. Nd3 f5 11. f3 Nf6 12. c5 a5 13. cxd6 cxd6 14. Qc2 Bd7 15. Nf2 Rc8 16. Bd2 b5 17. Qd3 Rb8 18. Bg5 b4 19. Ncd1 Bb5 20. Qd2 h6 21. Bxb5 hxg5 22. Bd3 f4 23. b3 Qb6 24. Nb2 g4 25. Nc4 Qa7 26. Kh1 g3 27. hxg3 Nh5 28. gxf4 Ng3+ 29. Kh2 Nxf1+ 30. Rxf1 Bh6 31. Nh3 Rxf4 32. Qf2 Qxf2 33. Rxf2 Rf6 34. Nxa5 Be3 35. Rc2 Bb6 36. Nc6 Rb7 37. Nxb4 Be3 38. Nc6 g5 39. Re2 Bc1 40. Ba6 Rc7 41. Rc2 Be3 42. b4 Rh6 43. Nxe7+ Rxe7 44. Kg3 g4 45. fxg4 Ra7 46. Bc8 Rah7 47. Be6+ Kg7 48. Kf3 Rh8 49. g5 1-0

[Event "Niedersachsen-ch Seniors op 13th"]
[Site "Bad Bevensen"]
[Date "2010.07.09"]
[Round "4"]
[White "Bulano, Alexander"]
[Black "Pamperin, Gerhard"]
[Result "0-1"]
[WhiteElo "1595"]
[BlackElo "1827"]
[PlyCount "72"]
[EventDate "2010.07.06"]
[EventType "swiss"]
[EventRounds "9"]
[EventCountry "GER"]
[SourceTitle "EXT 2012"]
[Source "ChessBase"]
[SourceDate "2011.11.24"]
[SourceVersion "1"]
[SourceVersionDate "2011.11.24"]
[SourceQuality "1"]

1. d4 d5 2. c4 e6 3. Nc3 Nf6 4. Nf3 Be7 5. e3 0-0 6. Qc2 b6 7. b3 Bb7 8. Be2 Nbd7 9. Bb2 Rc8 10. 0-0 c5 11. Rac1 cxd4 12. exd4 dxc4 13. bxc4 Bd6 14. Qb3 Bb8 15. Rfd1 Qc7 16. Nb5 Qf4 17. Qe3 a6 18. Na3 Bxf3 19. Bxf3 Qxh2+ 20. Kf1 Bf4 21. Qd3 Bxc1 22. Bxc1 Qc7 23. Bg5 Rfd8 24. Qe3 Re8 25. Qb3 e5 26. g3 exd4 27. Rxd4 Nc5 28. Qb1 Qe5 29. Bxf6 Qxf6 30. Rf4 Qc3 31. Nc2 Nd3 32. Re4 Rxe4 33. Bxe4 Qxc4 34. Bf5 Qxc2 35. Qxc2 Rxc2 36. Bxd3 Rxa2 0-1